LEADER 01191nam--2200409---450- 001 990000375410203316 005 20091014092614.0 010 $a0-333-62917-5 035 $a0037541 035 $aUSA010037541 035 $a(ALEPH)000037541USA01 035 $a0037541 100 $a20010327d1995----km-y0itay0103----ba 101 $aeng 102 $aUS 105 $a||||||||001yy 200 1 $a<> United Nations$ea concise political guide$fSydney D. Bailey, Sam Daws 205 $a3. ed. 210 $aHoundmills$cMacMillan$d1995 215 $aVII, 176 p.$d22 cm 410 $12001 461 1$1001-------$12001 606 0 $aNazioni Unite 676 $a341.23 700 1$aBAILEY,$bSydney D.$0281029 701 1$aDAWS,$bSam$0256841 801 0$aIT$bsalbc$gISBD 912 $a990000375410203316 951 $aXXIII.2.B. 56 (IG ING VIII 8 597)$b10738 G$cXXIII.2.B. 56 (IG ING VIII 8 597)$d00243679 959 $aBK 969 $aGIU 979 $aPATTY$b90$c20010327$lUSA01$h1045 979 $c20020403$lUSA01$h1645 979 $aPATRY$b90$c20040406$lUSA01$h1626 979 $aRSIAV2$b90$c20091014$lUSA01$h0926 996 $aUnited Nations$9752705 997 $aUNISA